| 000 | 00708nam a2200217 i 4500 | ||
|---|---|---|---|
| 001 | bgj | ||
| 100 | 1 |
_aCRANE, Stephen _d(1871-1900) |
|
| 245 | 1 | 0 |
_aFour stories by Stephen Crane ; _cadapted by Mary Jeanne Blough. |
| 260 |
_aWashington, D.C. : _bUnited States Information Agency, _c1991. |
||
| 300 |
_a128 pp ; _c23 cm. |
||
| 490 | 1 | _aA Ladder edition. American literary classics | |
| 500 | _aSimplified edition at the 2000-word level. | ||
| 650 | 9 |
_aAmerican stories _y1861-1900 |
|
| 700 | 1 |
_aBLOUGH, Mary Jeanne. _eeditor |
|
| 830 | 0 |
_aA Ladder edition. _pAmerican literary classics |
|
| 020 | _apbk | ||
| 040 | _cBPK | ||
| 041 | 0 | _aeng | |
| 942 | _cKS | ||
| 008 | s uk f |000 0 eng | ||
| 999 |
_c41277 _d41277 |
||
| 856 |
_uhttp://koha.tu.koszalin.pl/cgi-bin/koha/opac-detail.pl?biblionumber=41277 _yKatalog online BPK |
||